003310000a2200109000450024500560000065000280005665000280008465000180011204100130013010000290014377300490017210aEcological security: the international legal aspect14aLegislación ambiental14aPolíticas ambientales14aCambio global0 aInglés1 aTimoshenko, Alexander S.1 tRenewable Resources Journal3119q9-12d1989